000 00496nam a2200181Ia 4500
001 11968
005 20260306162907.0
008 260306t2024||||xx |||||||||||||| ||spa||
041 _aESP
082 _aHR 340
_bV. 27 N° 53 2024 IO
110 _aCorte Superior de Justicia de Arequipa
245 0 _aIuris Omnes :
_brevista de la Corte Superior de Justicia de Arequipa
260 _c2024
300 _a178 páginas :
_c28 cm.
650 _aGEN
654 _aCDE
942 _cREV
_dJUS
_fJUS
_2ddc
_n
999 _c11968
_d11968